Candle crafting, from an art to a science.

Bibliographic Details
Main Author: Nussle, William, 1912-
Format: Book
Language:English
Published: South Brunswick : A. S. Barnes, [1971]
Subjects:

MARC

Tag First Indicator Second Indicator Subfields
LEADER 00000cam a2200000 4500
001 in00000094354
005 20150927110434.0
008 711126s1971 njua b 00100 eng
010 |a  70146769  
020 |a 0498078639  |c $7.95 
035 |a (OCoLC)00210496 
035 |9 AAL6219AM 
040 |a DLC  |c DLC  |d TXA  |d UtOrBLW 
049 |a TXAM  |c [1022613] 
050 0 0 |a TT896.5  |b .N88 
082 0 |a 665/.19 
100 1 |a Nussle, William,  |d 1912- 
245 1 0 |a Candle crafting, from an art to a science. 
264 1 |a South Brunswick :  |b A. S. Barnes,  |c [1971] 
300 |a 202 pages :  |b illustrations ;  |c 27 cm. 
336 |a text  |b txt  |2 rdacontent 
337 |a unmediated  |b n  |2 rdamedia 
338 |a volume  |b nc  |2 rdacarrier 
504 |a Bibliography: pages 199-200. 
650 0 |a Candles. 
999 |a MARS 
999 f f |s 22c88dae-026f-30e4-970f-5c0dd8528884  |i f4598e81-d6c0-3efb-8aa2-9602ed04ea7c  |t 0 
952 f f |p normal  |a Texas A&M University  |b College Station  |c Sterling C. Evans Library  |s Evans stk  |d Evans: Library Stacks  |t 0  |e TT896.5 .N88  |h Library of Congress classification  |i unmediated -- volume  |m A14821438354 
998 f f |a TT896.5 .N88  |t 0  |l Evans: Library Stacks